[Event "U12 Polish Youth Championship"]
[Site "chess24.com"]
[Date "2018.04.30"]
[Round "2"]
[White "Matela, Krzysztof"]
[Black "Chyzy, Jakub"]
[Result "1/2-1/2"]
[Board "1"]
[WhiteElo "1642"]
[WhiteCountry "POL"]
[WhiteFideId "21828962"]
[WhiteEloChange "8"]
[BlackElo "2071"]
[BlackCountry "POL"]
[BlackFideId "21806209"]
[BlackEloChange "-8"]

1. e4 {[%clk 1:30:59]} e5 {[%clk 1:30:15]} 2. Nf3 {[%clk 1:31:00]} Nc6 {[%clk
1:30:39]} 3. Bb5 {[%clk 1:30:56]} a6 {[%clk 1:31:01]} 4. Bxc6 {[%clk 1:31:06]}
dxc6 {[%clk 1:31:24]} 5. d3 {[%clk 1:31:16]} Bd6 {[%clk 1:30:35]} 6. Nbd2 {[%clk
1:31:06]} Ne7 {[%clk 1:25:41]} 7. Nc4 {[%clk 1:27:03]} f6 {[%clk 1:16:09]} 8. a4
{[%clk 1:24:12]} Be6 {[%clk 1:15:42]} 9. Be3 {[%clk 1:08:05]} Qd7 {[%clk
1:13:38]} 10. Qe2 {[%clk 1:00:59]} b5 {[%clk 0:59:41]} 11. Ncd2 {[%clk 0:59:40]}
O-O {[%clk 0:54:41]} 12. h3 {[%clk 0:42:26]} c5 {[%clk 0:45:26]} 13. axb5 {[%clk
0:41:25]} axb5 {[%clk 0:45:51]} 14. O-O {[%clk 0:41:40]} f5 {[%clk 0:37:17]} 15.
exf5 {[%clk 0:41:23]} Nxf5 {[%clk 0:37:11]} 16. Ne4 {[%clk 0:41:10]} Rxa1 {[%clk
0:33:08]} 17. Rxa1 {[%clk 0:41:33]} Nd4 {[%clk 0:33:24]} 18. Bxd4 {[%clk
0:40:52]} exd4 {[%clk 0:32:58]} 19. Nxd6 {[%clk 0:39:29]} cxd6 {[%clk 0:32:20]}
20. Ng5 {[%clk 0:39:15]} Bd5 {[%clk 0:26:53]} 21. f3 {[%clk 0:25:20]} Re8 {[%clk
0:22:45]} 22. Qf2 {[%clk 0:25:06]} Bc6 {[%clk 0:19:21]} 23. Ne4 {[%clk 0:25:16]}
Bxe4 {[%clk 0:15:57]} 24. fxe4 {[%clk 0:25:39]} d5 {[%clk 0:15:51]} 25. exd5
{[%clk 0:24:37]} Qxd5 {[%clk 0:16:09]} 26. Re1 {[%clk 0:24:34]} Rxe1+ {[%clk
0:06:56]} 27. Qxe1 {[%clk 0:24:57]} Kf7 {[%clk 0:06:41]} 28. b3 {[%clk 0:25:23]}
Kg6 {[%clk 0:04:56]} 29. Qe8+ {[%clk 0:25:15]} Kg5 {[%clk 0:04:34]} 30. Qxb5
{[%clk 0:25:12]} Qe5 {[%clk 0:04:39]} 31. Qc6 {[%clk 0:23:54]} h5 {[%clk
0:01:32]} 32. Qa8 {[%clk 0:16:04]} h4 {[%clk 0:01:20]} 33. Qd8+ {[%clk 0:16:09]}
Kh5 {[%clk 0:01:33]} 34. Qh8+ {[%clk 0:16:20]} Kg5 {[%clk 0:01:43]} 35. Qd8+
{[%clk 0:16:43]} Kh5 {[%clk 0:02:07]} 36. Qh8+ {[%clk 0:17:08]} Kg5 {[%clk
0:02:33]} 37. Qd8+ {[%clk 0:17:25]} 1/2-1/2

[Event "U12 Polish Youth Championship"]
[Site "chess24.com"]
[Date "2018.04.30"]
[Round "2"]
[White "Fiszer, Bartosz"]
[Black "Bogusz, Alan"]
[Result "1-0"]
[Board "2"]
[WhiteElo "2004"]
[WhiteTitle "CM"]
[WhiteCountry "POL"]
[WhiteFideId "21810133"]
[WhiteEloChange "3"]
[BlackElo "1683"]
[BlackCountry "POL"]
[BlackFideId "21810060"]
[BlackEloChange "-3"]

1. e4 {[%clk 1:30:57]} c5 {[%clk 1:30:56]} 2. Nf3 {[%clk 1:31:23]} d6 {[%clk
1:31:22]} 3. d4 {[%clk 1:31:49]} cxd4 {[%clk 1:31:46]} 4. Nxd4 {[%clk 1:32:14]}
Nf6 {[%clk 1:32:10]} 5. Nc3 {[%clk 1:32:41]} a6 {[%clk 1:32:36]} 6. h4 {[%clk
1:33:05]} Nc6 {[%clk 1:32:37]} 7. Bg5 {[%clk 1:33:23]} e6 {[%clk 1:28:07]} 8. f3
{[%clk 1:33:47]} Be7 {[%clk 1:25:46]} 9. Qd2 {[%clk 1:34:02]} O-O {[%clk
1:24:33]} 10. O-O-O {[%clk 1:34:16]} Qc7 {[%clk 1:22:58]} 11. g4 {[%clk 1:30:26]}
Rd8 {[%clk 1:22:16]} 12. Be3 {[%clk 1:17:55]} Nxd4 {[%clk 1:19:58]} 13. Bxd4
{[%clk 1:17:38]} e5 {[%clk 1:19:41]} 14. Be3 {[%clk 1:17:10]} Be6 {[%clk
1:18:42]} 15. Qf2 {[%clk 1:10:00]} Nd7 {[%clk 1:17:27]} 16. g5 {[%clk 1:09:17]}
Bf8 {[%clk 1:15:31]} 17. h5 {[%clk 1:09:05]} g6 {[%clk 1:15:14]} 18. hxg6 {[%clk
1:00:45]} hxg6 {[%clk 1:14:47]} 19. Bh3 {[%clk 0:59:03]} Bg7 {[%clk 1:13:32]} 20.
Bg4 {[%clk 0:55:35]} Rac8 {[%clk 1:12:53]} 21. Rh3 {[%clk 0:54:30]} Re8 {[%clk
1:07:16]} 22. Rdh1 {[%clk 0:54:12]} Kf8 {[%clk 1:06:38]} 23. Rh7 {[%clk 0:53:39]}
b5 {[%clk 1:02:03]} 24. a3 {[%clk 0:41:27]} Qa5 {[%clk 0:56:50]} 25. Bxe6 {[%clk
0:33:00]} fxe6 {[%clk 0:54:41]} 26. Qh2 {[%clk 0:32:37]} Rxc3 {[%clk 0:52:32]}
27. Rxg7 {[%clk 0:32:30]} Kxg7 {[%clk 0:52:36]} 28. Qh7+ {[%clk 0:31:25]} Kf8
{[%clk 0:52:02]} 29. Qxd7 {[%clk 0:31:45]} Re7 {[%clk 0:51:44]} 30. Rh8+ {[%clk
0:32:03]} Kg7 {[%clk 0:52:08]} 31. Qxe7+ {[%clk 0:32:28]} Kxh8 {[%clk 0:52:27]}
32. Qf8+ {[%clk 0:32:53]} Kh7 {[%clk 0:52:47]} 33. Qh6+ {[%clk 0:33:17]} Kg8
{[%clk 0:52:18]} 34. Qxg6+ {[%clk 0:33:36]} Kf8 {[%clk 0:52:43]} 35. Qf6+ {[%clk
0:34:01]} Ke8 {[%clk 0:53:07]} 36. Qxe6+ {[%clk 0:34:20]} Kd8 {[%clk 0:53:27]}
37. Qxd6+ {[%clk 0:34:35]} Kc8 {[%clk 0:53:52]} 38. bxc3 {[%clk 0:34:33]} 1-0

[Event "U12 Polish Youth Championship"]
[Site "chess24.com"]
[Date "2018.04.30"]
[Round "2"]
[White "Madajczak, Piotr"]
[Black "Klimkowski, Jan"]
[Result "0-1"]
[Board "3"]
[WhiteElo "1618"]
[WhiteCountry "POL"]
[WhiteFideId "21835934"]
[WhiteEloChange "-4"]
[BlackElo "1836"]
[BlackCountry "POL"]
[BlackFideId "21856222"]
[BlackEloChange "4"]

1. e4 {[%clk 1:30:58]} c5 {[%clk 1:30:52]} 2. Nf3 {[%clk 1:31:23]} d6 {[%clk
1:31:15]} 3. d4 {[%clk 1:31:47]} cxd4 {[%clk 1:31:40]} 4. Nxd4 {[%clk 1:32:14]}
Nf6 {[%clk 1:32:02]} 5. Nc3 {[%clk 1:32:37]} a6 {[%clk 1:32:26]} 6. Bg5 {[%clk
1:32:46]} Nbd7 {[%clk 1:32:19]} 7. Qd2 {[%clk 1:31:44]} Qc7 {[%clk 1:30:51]} 8.
O-O-O {[%clk 1:30:59]} h6 {[%clk 1:30:28]} 9. Bh4 {[%clk 1:30:43]} b5 {[%clk
1:29:26]} 10. f3 {[%clk 1:22:07]} Bb7 {[%clk 1:27:06]} 11. Kb1 {[%clk 1:21:39]}
Rb8 {[%clk 1:23:50]} 12. g4 {[%clk 1:19:34]} Ne5 {[%clk 1:21:12]} 13. Bxf6 {[%clk
1:17:06]} gxf6 {[%clk 1:21:15]} 14. h4 {[%clk 1:17:02]} e6 {[%clk 1:18:08]} 15.
Rh2 {[%clk 1:08:06]} b4 {[%clk 1:15:43]} 16. Nce2 {[%clk 1:07:52]} d5 {[%clk
1:14:33]} 17. Qf4 {[%clk 1:06:59]} Bg7 {[%clk 1:08:33]} 18. Ng3 {[%clk 1:03:05]}
Rg8 {[%clk 1:01:27]} 19. Nh5 {[%clk 1:02:36]} Rc8 {[%clk 0:56:13]} 20. Nxg7+
{[%clk 0:55:06]} Rxg7 {[%clk 0:56:33]} 21. Qxh6 {[%clk 0:55:25]} Rg8 {[%clk
0:55:01]} 22. exd5 {[%clk 0:35:12]} Bxd5 {[%clk 0:52:59]} 23. Rf2 {[%clk
0:34:44]} Nxf3 {[%clk 0:43:11]} 24. Qxf6 {[%clk 0:34:52]} Rg6 {[%clk 0:41:17]}
25. Qh8+ {[%clk 0:17:23]} Ke7 {[%clk 0:40:59]} 26. Qh7 {[%clk 0:17:42]} Qg3
{[%clk 0:21:58]} 27. Re2 {[%clk 0:04:46]} Qxg4 {[%clk 0:17:30]} 28. Rg2 {[%clk
0:04:58]} Qxh4 {[%clk 0:15:23]} 29. Qxh4+ {[%clk 0:05:17]} Nxh4 {[%clk 0:15:45]}
30. Rxg6 {[%clk 0:05:44]} Nxg6 {[%clk 0:16:03]} 31. Bxa6 {[%clk 0:05:59]} Ra8
{[%clk 0:14:14]} 32. Bd3 {[%clk 0:06:05]} Bxa2+ {[%clk 0:13:18]} 33. Kc1 {[%clk
0:06:27]} Bd5 {[%clk 0:12:45]} 34. Kd2 {[%clk 0:05:09]} Ne5 {[%clk 0:12:03]} 35.
Ke3 {[%clk 0:04:28]} f5 {[%clk 0:10:18]} 36. Ne2 {[%clk 0:03:54]} Nxd3 {[%clk
0:06:31]} 37. cxd3 {[%clk 0:03:12]} Ra2 {[%clk 0:06:13]} 38. Rd2 {[%clk 0:03:36]}
Kd6 {[%clk 0:04:29]} 39. Kf4 {[%clk 0:02:08]} Ra1 {[%clk 0:04:32]} 40. Ng3 {[%clk
0:01:43]} Rc1 {[%clk 0:04:15]} 41. Ke3 {[%clk 0:01:52]} b3 {[%clk 0:02:55]} 42.
d4 {[%clk 0:01:42]} Bc4 {[%clk 0:02:56]} 43. Nh5 {[%clk 0:01:20]} Bd5 {[%clk
0:01:58]} 44. Ng3 {[%clk 0:01:41]} Rb1 {[%clk 0:02:00]} 45. Rh2 {[%clk 0:00:39]}
Bc4 {[%clk 0:02:02]} 46. Rd2 {[%clk 0:00:58]} Rc1 {[%clk 0:01:17]} 47. Nh5 {[%clk
0:01:02]} e5 {[%clk 0:01:26]} 48. Ng7 {[%clk 0:00:35]} f4+ {[%clk 0:01:13]} 49.
Ke4 {[%clk 0:00:45]} Bd5+ {[%clk 0:00:57]} 50. Kf5 {[%clk 0:00:46]} exd4 {[%clk
0:01:15]} 51. Rxd4 {[%clk 0:01:11]} f3 {[%clk 0:01:17]} 52. Kf4 {[%clk 0:00:39]}
f2 {[%clk 0:01:39]} 53. Nf5+ {[%clk 0:00:47]} Kc5 {[%clk 0:02:02]} 0-1

[Event "U12 Polish Youth Championship"]
[Site "chess24.com"]
[Date "2018.04.30"]
[Round "2"]
[White "Paprocki, Antoni"]
[Black "Trzebinski, Patryk"]
[Result "1-0"]
[Board "4"]
[WhiteElo "1808"]
[WhiteCountry "POL"]
[WhiteFideId "21833745"]
[WhiteEloChange "5"]
[BlackElo "1628"]
[BlackCountry "POL"]
[BlackFideId "21839034"]
[BlackEloChange "-5"]

1. e4 {[%clk 1:30:51]} c5 {[%clk 1:30:31]} 2. Nf3 {[%clk 1:31:04]} a6 {[%clk
1:30:46]} 3. c4 {[%clk 1:30:14]} g6 {[%clk 1:30:16]} 4. d4 {[%clk 1:28:55]} Bg7
{[%clk 1:30:01]} 5. Nc3 {[%clk 1:21:45]} Nc6 {[%clk 1:28:48]} 6. Be3 {[%clk
1:21:14]} cxd4 {[%clk 1:20:39]} 7. Nxd4 {[%clk 1:21:20]} Nf6 {[%clk 1:18:52]} 8.
Be2 {[%clk 1:17:04]} O-O {[%clk 1:18:28]} 9. O-O {[%clk 1:15:40]} d6 {[%clk
1:17:53]} 10. Qd2 {[%clk 1:13:47]} Bd7 {[%clk 0:52:57]} 11. f4 {[%clk 1:02:03]}
Nxd4 {[%clk 0:35:52]} 12. Bxd4 {[%clk 1:01:45]} Rc8 {[%clk 0:23:43]} 13. e5
{[%clk 0:54:39]} Ng4 {[%clk 0:19:13]} 14. exd6 {[%clk 0:51:28]} Bxd4+ {[%clk
0:18:25]} 15. Qxd4 {[%clk 0:51:46]} Be6 {[%clk 0:17:34]} 16. Ne4 {[%clk 0:47:30]}
Nh6 {[%clk 0:14:07]} 17. Qe5 {[%clk 0:41:20]} exd6 {[%clk 0:05:30]} 18. Nf6+
{[%clk 0:37:44]} Kh8 {[%clk 0:05:53]} 19. Qc3 {[%clk 0:38:04]} Ng8 {[%clk
0:04:07]} 20. Nd7+ {[%clk 0:37:44]} f6 {[%clk 0:04:22]} 21. Nxf8 {[%clk 0:37:51]}
Qxf8 {[%clk 0:04:48]} 22. Qd4 {[%clk 0:37:03]} Rd8 {[%clk 0:03:09]} 23. Bf3
{[%clk 0:36:25]} Qf7 {[%clk 0:03:06]} 24. Bd5 {[%clk 0:35:42]} Ne7 {[%clk
0:02:39]} 25. Bxe6 {[%clk 0:35:45]} Qxe6 {[%clk 0:03:03]} 26. Rfe1 {[%clk
0:36:07]} Qf7 {[%clk 0:03:14]} 27. Qe4 {[%clk 0:34:54]} Nc6 {[%clk 0:03:29]} 28.
Qe6 {[%clk 0:34:48]} Qxe6 {[%clk 0:03:11]} 29. Rxe6 {[%clk 0:35:10]} Kg7 {[%clk
0:03:33]} 30. Rd1 {[%clk 0:35:20]} Kf7 {[%clk 0:02:58]} 31. Rexd6 {[%clk
0:35:37]} Ke7 {[%clk 0:02:37]} 32. Rxd8 {[%clk 0:35:44]} Nxd8 {[%clk 0:03:01]}
33. Kf2 {[%clk 0:36:07]} Nc6 {[%clk 0:03:26]} 34. Ke3 {[%clk 0:36:16]} Ke6 {[%clk
0:03:48]} 35. g4 {[%clk 0:36:17]} h6 {[%clk 0:04:01]} 36. a3 {[%clk 0:36:20]} a5
{[%clk 0:04:03]} 37. Rd5 {[%clk 0:36:04]} b6 {[%clk 0:00:32]} 38. Rb5 {[%clk
0:35:55]} Kd6 {[%clk 0:00:23]} 39. Rxb6 {[%clk 0:35:43]} Kc5 {[%clk 0:00:31]} 40.
Rxc6+ {[%clk 0:35:26]} Kxc6 {[%clk 0:00:48]} 41. b4 {[%clk 0:35:51]} a4 {[%clk
0:00:31]} 42. f5 {[%clk 0:36:08]} g5 {[%clk 0:00:50]} 43. Kd4 {[%clk 0:36:33]}
Kd6 {[%clk 0:00:31]} 44. b5 {[%clk 0:36:49]} Kc7 {[%clk 0:00:33]} 45. c5 {[%clk
0:37:01]} 1-0

[Event "U12 Polish Youth Championship"]
[Site "chess24.com"]
[Date "2018.04.30"]
[Round "2"]
[White "Wojdak, Jan"]
[Black "Herwy, Jakub"]
[Result "0-1"]
[Board "5"]
[WhiteElo "1795"]
[WhiteCountry "POL"]
[WhiteFideId "21817111"]
[WhiteEloChange "-15"]
[BlackElo "1590"]
[BlackCountry "POL"]
[BlackFideId "21852855"]
[BlackEloChange "15"]

1. e4 {[%clk 1:30:52]} c5 {[%clk 1:30:54]} 2. Nf3 {[%clk 1:31:16]} e6 {[%clk
1:30:58]} 3. d4 {[%clk 1:31:24]} cxd4 {[%clk 1:31:22]} 4. Nxd4 {[%clk 1:31:51]}
a6 {[%clk 1:31:28]} 5. Bd3 {[%clk 1:32:14]} Bc5 {[%clk 1:31:49]} 6. Nb3 {[%clk
1:32:34]} Be7 {[%clk 1:32:14]} 7. O-O {[%clk 1:24:50]} d6 {[%clk 1:30:20]} 8. c4
{[%clk 1:24:35]} Nf6 {[%clk 1:30:24]} 9. Nc3 {[%clk 1:24:52]} Nbd7 {[%clk
1:30:46]} 10. f4 {[%clk 1:23:20]} Qc7 {[%clk 1:27:45]} 11. Be3 {[%clk 1:23:16]}
b6 {[%clk 1:25:04]} 12. Qe2 {[%clk 1:22:56]} Bb7 {[%clk 1:24:50]} 13. Rac1 {[%clk
1:19:16]} Rd8 {[%clk 1:24:18]} 14. Rfd1 {[%clk 1:09:42]} h5 {[%clk 1:22:56]} 15.
Bd4 {[%clk 1:05:30]} O-O {[%clk 1:07:52]} 16. h3 {[%clk 1:02:41]} g6 {[%clk
0:58:19]} 17. Qf2 {[%clk 0:59:32]} e5 {[%clk 0:47:30]} 18. Nd5 {[%clk 0:56:38]}
Bxd5 {[%clk 0:47:45]} 19. cxd5 {[%clk 0:56:54]} Qb7 {[%clk 0:46:40]} 20. Be3
{[%clk 0:54:05]} Rc8 {[%clk 0:40:30]} 21. Qe2 {[%clk 0:53:26]} Nb8 {[%clk
0:37:33]} 22. Qf2 {[%clk 0:52:01]} Nbd7 {[%clk 0:37:55]} 23. Qf1 {[%clk 0:51:38]}
Nb8 {[%clk 0:38:04]} 24. fxe5 {[%clk 0:45:58]} dxe5 {[%clk 0:38:14]} 25. d6
{[%clk 0:45:52]} Bd8 {[%clk 0:38:25]} 26. Qf3 {[%clk 0:31:03]} Kg7 {[%clk
0:30:06]} 27. Bg5 {[%clk 0:29:23]} Nh7 {[%clk 0:23:23]} 28. Bxd8 {[%clk 0:25:10]}
Rfxd8 {[%clk 0:21:59]} 29. Rxc8 {[%clk 0:24:10]} Qxc8 {[%clk 0:21:10]} 30. Bb1
{[%clk 0:22:07]} Qe6 {[%clk 0:20:46]} 31. Qd3 {[%clk 0:22:25]} Nf6 {[%clk
0:20:18]} 32. Qe2 {[%clk 0:17:51]} Rxd6 {[%clk 0:19:01]} 33. Rc1 {[%clk 0:18:17]}
a5 {[%clk 0:16:11]} 34. Nd2 {[%clk 0:18:09]} Nc6 {[%clk 0:15:44]} 35. Nc4 {[%clk
0:18:21]} Nd4 {[%clk 0:16:10]} 36. Qe3 {[%clk 0:17:46]} Rc6 {[%clk 0:16:16]} 37.
Bd3 {[%clk 0:17:55]} Nd7 {[%clk 0:15:11]} 38. b3 {[%clk 0:16:08]} Nc5 {[%clk
0:15:34]} 39. Rf1 {[%clk 0:15:47]} a4 {[%clk 0:14:35]} 40. Nd2 {[%clk 0:15:13]}
Nxd3 {[%clk 0:14:03]} 41. Qxd3 {[%clk 0:15:35]} axb3 {[%clk 0:14:29]} 42. Nxb3
{[%clk 0:15:26]} Nxb3 {[%clk 0:14:52]} 43. axb3 {[%clk 0:15:39]} Rd6 {[%clk
0:14:22]} 44. Qc2 {[%clk 0:15:28]} Rd4 {[%clk 0:14:16]} 45. Rf3 {[%clk 0:14:42]}
Qd7 {[%clk 0:14:08]} 46. Rf2 {[%clk 0:14:02]} Qb7 {[%clk 0:14:09]} 47. Re2 {[%clk
0:14:25]} b5 {[%clk 0:14:33]} 48. Kf2 {[%clk 0:14:20]} Qb6 {[%clk 0:14:55]} 49.
Kf1 {[%clk 0:14:08]} Qd6 {[%clk 0:15:01]} 50. Ke1 {[%clk 0:12:23]} Qb6 {[%clk
0:14:02]} 51. Kf1 {[%clk 0:12:11]} Rd6 {[%clk 0:13:00]} 52. Rf2 {[%clk 0:12:09]}
Qd4 {[%clk 0:13:15]} 53. Rf3 {[%clk 0:11:10]} b4 {[%clk 0:11:51]} 54. Ke2 {[%clk
0:10:35]} Qg1 {[%clk 0:12:10]} 55. Rf2 {[%clk 0:09:49]} h4 {[%clk 0:12:30]} 56.
Kf3 {[%clk 0:09:23]} Rf6+ {[%clk 0:09:43]} 57. Ke3 {[%clk 0:09:43]} Rf4 {[%clk
0:08:28]} 58. Qb2 {[%clk 0:09:06]} f6 {[%clk 0:08:52]} 59. Qc2 {[%clk 0:08:51]}
Kh6 {[%clk 0:09:15]} 60. Qe2 {[%clk 0:08:17]} Qc1+ {[%clk 0:09:21]} 61. Kd3
{[%clk 0:08:26]} Qc3# {[%clk 0:09:45]} 0-1

[Event "U12 Polish Youth Championship"]
[Site "chess24.com"]
[Date "2018.04.30"]
[Round "2"]
[White "Paszkowski, Krystian"]
[Black "Wieczorek, Mikolaj"]
[Result "1-0"]
[Board "6"]
[WhiteElo "1563"]
[WhiteCountry "POL"]
[WhiteFideId "21853002"]
[WhiteEloChange "15"]
[BlackElo "1761"]
[BlackCountry "POL"]
[BlackFideId "21827702"]
[BlackEloChange "-15"]

1. c4 {[%clk 1:30:57]} e5 {[%clk 1:30:51]} 2. g3 {[%clk 1:31:20]} d6 {[%clk
1:31:16]} 3. Nc3 {[%clk 1:31:30]} Be6 {[%clk 1:31:42]} 4. Nf3 {[%clk 1:25:05]}
Nc6 {[%clk 1:29:44]} 5. d4 {[%clk 1:25:02]} d5 {[%clk 1:27:01]} 6. cxd5 {[%clk
1:18:04]} Bxd5 {[%clk 1:27:23]} 7. e4 {[%clk 1:18:12]} Be6 {[%clk 1:26:54]} 8. d5
{[%clk 1:07:16]} Bg4 {[%clk 1:27:15]} 9. Bb5 {[%clk 0:54:56]} Bb4 {[%clk
1:13:23]} 10. O-O {[%clk 0:46:16]} Kf8 {[%clk 1:02:04]} 11. dxc6 {[%clk 0:37:56]}
Qxd1 {[%clk 1:02:05]} 12. Rxd1 {[%clk 0:38:23]} Bxf3 {[%clk 1:02:23]} 13. cxb7
{[%clk 0:38:34]} Rb8 {[%clk 1:02:12]} 14. Rd3 {[%clk 0:31:31]} Bxc3 {[%clk
1:01:18]} 15. Rxf3 {[%clk 0:31:42]} Bd4 {[%clk 1:01:07]} 16. Ba6 {[%clk 0:22:46]}
Nf6 {[%clk 0:58:25]} 17. Be3 {[%clk 0:19:20]} Bxe3 {[%clk 0:41:07]} 18. Rxe3
{[%clk 0:18:07]} Nd7 {[%clk 0:36:27]} 19. Rc3 {[%clk 0:15:35]} c5 {[%clk
0:32:47]} 20. b4 {[%clk 0:14:14]} c4 {[%clk 0:31:32]} 21. Rxc4 {[%clk 0:14:17]}
Ke7 {[%clk 0:31:42]} 22. Rac1 {[%clk 0:13:22]} Rhd8 {[%clk 0:28:52]} 23. a4
{[%clk 0:12:17]} g6 {[%clk 0:28:51]} 24. Rc8 {[%clk 0:11:11]} f5 {[%clk 0:28:49]}
25. Rd1 {[%clk 0:10:17]} h5 {[%clk 0:26:59]} 26. Rc7 {[%clk 0:10:28]} Ke6 {[%clk
0:26:29]} 27. Bc4+ {[%clk 0:10:47]} Kf6 {[%clk 0:26:35]} 28. Rdxd7 {[%clk
0:10:51]} Rxd7 {[%clk 0:26:57]} 29. Rxd7 {[%clk 0:11:13]} Kg5 {[%clk 0:27:20]}
30. f3 {[%clk 0:10:07]} f4 {[%clk 0:27:34]} 31. Kg2 {[%clk 0:10:24]} a5 {[%clk
0:27:46]} 32. bxa5 {[%clk 0:10:34]} h4 {[%clk 0:27:36]} 33. a6 {[%clk 0:10:48]}
Rh8 {[%clk 0:27:56]} 34. g4 {[%clk 0:11:02]} h3+ {[%clk 0:27:43]} 35. Kg1 {[%clk
0:11:19]} Kh4 {[%clk 0:28:07]} 36. a7 {[%clk 0:10:29]} g5 {[%clk 0:28:24]} 37.
b8Q {[%clk 0:10:35]} Rxb8 {[%clk 0:28:42]} 38. Rh7# {[%clk 0:11:01]} 1-0

[Event "U12 Polish Youth Championship"]
[Site "chess24.com"]
[Date "2018.04.30"]
[Round "2"]
[White "Wnek, Filip"]
[Black "Iwaszkiewicz, Grzegorz"]
[Result "1/2-1/2"]
[Board "7"]
[WhiteElo "1760"]
[WhiteCountry "POL"]
[WhiteFideId "21833281"]
[WhiteEloChange "-8"]
[BlackElo "1411"]
[BlackCountry "POL"]
[BlackFideId "21810214"]
[BlackEloChange "8"]

1. e4 {[%clk 1:30:12]} c5 {[%clk 1:30:42]} 2. Nf3 {[%clk 1:29:16]} Nc6 {[%clk
1:30:09]} 3. d4 {[%clk 1:27:52]} cxd4 {[%clk 1:30:21]} 4. Nxd4 {[%clk 1:25:54]}
g6 {[%clk 1:29:58]} 5. Nc3 {[%clk 1:24:05]} Bg7 {[%clk 1:30:02]} 6. Be3 {[%clk
1:22:29]} Nf6 {[%clk 1:29:56]} 7. f3 {[%clk 0:43:01]} O-O {[%clk 1:29:47]} 8. Qd2
{[%clk 0:42:45]} a6 {[%clk 1:05:55]} 9. O-O-O {[%clk 0:42:17]} Qc7 {[%clk
1:04:47]} 10. g4 {[%clk 0:41:55]} Rd8 {[%clk 1:03:19]} 11. h4 {[%clk 0:40:34]} d5
{[%clk 0:38:44]} 12. g5 {[%clk 0:37:27]} dxe4 {[%clk 0:33:52]} 13. gxf6 {[%clk
0:37:43]} Bxf6 {[%clk 0:34:08]} 14. Qf2 {[%clk 0:37:13]} Nxd4 {[%clk 0:31:34]}
15. Bxd4 {[%clk 0:37:30]} Rxd4 {[%clk 0:30:35]} 16. Rxd4 {[%clk 0:33:44]} Qb6
{[%clk 0:28:02]} 17. Nd5 {[%clk 0:11:04]} Qxd4 {[%clk 0:27:50]} 18. Nxe7+ {[%clk
0:11:19]} Kf8 {[%clk 0:28:06]} 19. Qxd4 {[%clk 0:11:33]} Bxd4 {[%clk 0:28:28]}
20. Nxc8 {[%clk 0:10:35]} Rxc8 {[%clk 0:25:52]} 21. fxe4 {[%clk 0:10:59]} Re8
{[%clk 0:25:37]} 22. Bd3 {[%clk 0:11:05]} Re5 {[%clk 0:25:27]} 23. c3 {[%clk
0:10:56]} Bf2 {[%clk 0:23:15]} 24. Kc2 {[%clk 0:08:30]} Rh5 {[%clk 0:22:19]} 25.
Rf1 {[%clk 0:08:10]} Bxh4 {[%clk 0:22:38]} 26. Bc4 {[%clk 0:08:14]} f6 {[%clk
0:22:36]} 27. Bd5 {[%clk 0:08:37]} b6 {[%clk 0:22:44]} 28. Kd3 {[%clk 0:08:32]}
Ke7 {[%clk 0:18:09]} 29. Kd4 {[%clk 0:08:20]} f5 {[%clk 0:16:24]} 30. exf5 {[%clk
0:08:08]} gxf5 {[%clk 0:15:00]} 31. Bc4 {[%clk 0:06:30]} a5 {[%clk 0:14:24]} 32.
Bd3 {[%clk 0:06:02]} Ke6 {[%clk 0:12:51]} 33. Rf3 {[%clk 0:04:17]} Be7 {[%clk
0:04:52]} 34. Re3+ {[%clk 0:02:07]} Kf6 {[%clk 0:03:00]} 35. Re5 {[%clk 0:00:33]}
Rg5 {[%clk 0:02:46]} 36. Kd5 {[%clk 0:00:40]} h5 {[%clk 0:02:11]} 37. Re6+ {[%clk
0:00:48]} Kf7 {[%clk 0:02:10]} 38. Re5 {[%clk 0:01:05]} f4 {[%clk 0:02:01]} 39.
Rxg5 {[%clk 0:01:07]} Bxg5 {[%clk 0:02:16]} 40. Be2 {[%clk 0:01:22]} h4 {[%clk
0:02:37]} 41. Bg4 {[%clk 0:01:37]} b5 {[%clk 0:01:04]} 42. Kc5 {[%clk 0:01:04]}
b4 {[%clk 0:01:06]} 43. cxb4 {[%clk 0:00:53]} Be7+ {[%clk 0:01:26]} 44. Kd5
{[%clk 0:01:10]} Bxb4 {[%clk 0:01:01]} 45. Ke5 {[%clk 0:01:28]} Bd2 {[%clk
0:01:12]} 46. Kf5 {[%clk 0:01:32]} Ke7 {[%clk 0:00:54]} 47. Bf3 {[%clk 0:01:25]}
Kd6 {[%clk 0:00:51]} 48. Kg4 {[%clk 0:01:26]} Kc5 {[%clk 0:01:04]} 49. Kxh4
{[%clk 0:01:39]} Kc4 {[%clk 0:00:51]} 50. b3+ {[%clk 0:00:53]} Kc3 {[%clk
0:00:40]} 51. Bd5 {[%clk 0:01:11]} Kd4 {[%clk 0:00:57]} 52. Bf3 {[%clk 0:01:20]}
Bc1 {[%clk 0:00:46]} 53. Kg4 {[%clk 0:01:41]} Ke3 {[%clk 0:00:52]} 54. Bd5 {[%clk
0:01:56]} Kd4 {[%clk 0:01:05]} 55. Bf3 {[%clk 0:02:00]} 1/2-1/2

[Event "U12 Polish Youth Championship"]
[Site "chess24.com"]
[Date "2018.04.30"]
[Round "2"]
[White "Wiatrowski, Zbigniew"]
[Black "Jeda, Maciej"]
[Result "0-1"]
[Board "8"]
[WhiteElo "1427"]
[WhiteCountry "POL"]
[WhiteFideId "21880816"]
[WhiteEloChange "-3"]
[BlackElo "1751"]
[BlackCountry "POL"]
[BlackFideId "21857679"]
[BlackEloChange "3"]

1. e4 {[%clk 1:30:57]} e6 {[%clk 1:30:54]} 2. d4 {[%clk 1:31:21]} d5 {[%clk
1:31:20]} 3. Nd2 {[%clk 1:31:44]} Nf6 {[%clk 1:31:43]} 4. e5 {[%clk 1:32:08]}
Nfd7 {[%clk 1:32:09]} 5. Bd3 {[%clk 1:32:25]} c5 {[%clk 1:32:33]} 6. c3 {[%clk
1:32:46]} Nc6 {[%clk 1:32:58]} 7. Ne2 {[%clk 1:33:08]} cxd4 {[%clk 1:33:01]} 8.
cxd4 {[%clk 1:33:29]} f6 {[%clk 1:33:03]} 9. exf6 {[%clk 1:29:27]} Nxf6 {[%clk
1:33:28]} 10. Nf3 {[%clk 1:29:30]} Bd6 {[%clk 1:33:48]} 11. O-O {[%clk 1:28:57]}
O-O {[%clk 1:32:47]} 12. Re1 {[%clk 1:22:59]} e5 {[%clk 1:25:22]} 13. dxe5 {[%clk
1:18:34]} Nxe5 {[%clk 1:24:43]} 14. Nxe5 {[%clk 1:16:39]} Bxe5 {[%clk 1:25:06]}
15. h3 {[%clk 1:10:39]} Bc7 {[%clk 1:14:10]} 16. Bg5 {[%clk 1:05:52]} Bb6 {[%clk
1:14:02]} 17. Nc3 {[%clk 1:00:14]} Bxf2+ {[%clk 1:04:21]} 18. Kxf2 {[%clk
0:59:22]} Nh5+ {[%clk 0:45:44]} 19. Kg1 {[%clk 0:48:22]} Qxg5 {[%clk 0:45:42]}
20. Nxd5 {[%clk 0:40:38]} Bxh3 {[%clk 0:43:40]} 21. Be4 {[%clk 0:35:42]} Rad8
{[%clk 0:37:53]} 22. Qc1 {[%clk 0:26:37]} Rxd5 {[%clk 0:28:32]} 23. Bxd5+ {[%clk
0:23:53]} Qxd5 {[%clk 0:28:46]} 24. Qc2 {[%clk 0:10:31]} Nf4 {[%clk 0:27:49]} 25.
g3 {[%clk 0:09:31]} Nd3 {[%clk 0:21:16]} 26. Re2 {[%clk 0:04:41]} Qf3 {[%clk
0:18:50]} 27. Kh2 {[%clk 0:03:14]} Bd7 {[%clk 0:15:01]} 28. Rd1 {[%clk 0:01:51]}
Bc6 {[%clk 0:14:27]} 29. Qc4+ {[%clk 0:00:42]} Kh8 {[%clk 0:14:43]} 30. Red2
{[%clk 0:00:55]} Nf2 {[%clk 0:14:19]} 31. Rg1 {[%clk 0:00:33]} Ne4 {time[%clk
0:12:48]} 0-1